000 01442cam a22004334i 4500
003 PE-LiUPU
005 20250731184547.0
008 150625s r 000 0 d
035 _a(Sirsi) a32145
040 _aPE-LiUPU
_bspa
_cPE-LiUPU
_erda
082 0 4 _a980.51
_bG517i
_223
100 1 _aGirard , Rafael,
_d1898-
_eautor.
245 1 0 _aIndios selvaticos de la amazonia peruana /
_cRafael Girard.
264 1 _aMéxico, D. F :
_bLibro Mex Editores,
_c1958.
300 _a356 páginas :
_bilustraciones, fotos ;
_c23 centímetros.
336 _atext
_2rdacontent
337 _aunmediated
_2rdamedia
338 _avolume
_2rdacarrier
504 _aIncluye referencias bibliográficas.
505 0 _aGrupos indígenas del alto Amazonas. -Grupos de la familia Pano. -Estudio comparativo de las culturas Amazónicas y sus vinculaciones históricas con otras culturas.
526 _aP136
526 _aP135
526 _aP134
526 _aP133
526 _aP144
526 _aP143
526 _aP87
526 _aP35
526 _aP20
526 _aP14
526 _aP10
526 _aP06
650 1 8 _aIndígenas del Perú
_zAmazonía
_xReligión y mitología.
_94357
650 2 8 _aIndígenas del Perú
_zAmazonía
_xVida y costumbres sociales.
_94358
651 2 8 _aAmazonía
_xDescripciones y viajes.
_94359
942 _2ddc
_cBK
980 _81
_gALBERTO SANCHEZ Responsable de Automatización
999 _c39772
_d39772